000 00591nam a22001937a 4500
999 _c183646
_d183646
005 20211230123639.0
010 _aENG-130792
020 _a978-93-5316-978-7
_c745.00
035 _aEN-114324
037 _bDBAD
082 _a658.872
100 _aGupta, Seema
245 _aDigital Marketing:
_cSeema Gupta
250 _aSecond Edition
260 _aChennai
_bMcGraw Hill Education Private Limited
_c2017
270 _a444/1, Sri Ekambara Naicker Industrial Estate, Alapakkam, Porur
_bChennai
_e600116
300 _a530p
_c24cm(pbk)
942 _2ddc
_cEN
_h658.872
_mGUP